| Tag |
First Indicator |
Second Indicator |
Subfields |
| LEADER |
00000cam a2200000Ia 4500 |
| 001 |
in00002678821 |
| 005 |
20210727155548.0 |
| 006 |
m d |
| 007 |
cr cn| |
| 008 |
081029s2001 iaua ob s001 0 eng d |
| 019 |
|
|
|a 294881592
|
| 020 |
|
|
|a 0470376988
|
| 020 |
|
|
|a 9780470376980
|
| 035 |
|
|
|a (OCoLC)264615385
|
| 035 |
|
|
|a (OCoLC)ocn264615385
|
| 035 |
|
|
|a 3854373
|
| 037 |
|
|
|a 9780470376980
|b Wiley InterScience
|n http://www3.interscience.wiley.com
|
| 040 |
|
|
|a DG1
|b eng
|c DG1
|d DG1
|d BTCTA
|d OCLCQ
|d UtOrBLW
|
| 043 |
|
|
|a s------
|
| 049 |
|
|
|a TXAM
|
| 050 |
1 |
4 |
|a SF996.4
|b .B56 2001eb
|
| 060 |
1 |
4 |
|a 2001 J-552
|
| 060 |
1 |
4 |
|a SF 996.4
|b B615 2001
|
| 082 |
0 |
4 |
|a 636.089
|2 22
|
| 245 |
0 |
0 |
|a Biology, medicine, and surgery of South American wild animals /
|c Murray E. Fowler, editor ; Zalmir S. Cubas, associate editor.
|
| 250 |
|
|
|a 1st ed.
|
| 264 |
|
1 |
|a Ames :
|b Iowa State University Press,
|c 2001.
|
| 300 |
|
|
|a 1 online resource.
|
| 336 |
|
|
|a text
|b txt
|2 rdacontent
|
| 337 |
|
|
|a computer
|b c
|2 rdamedia
|
| 338 |
|
|
|a online resource
|b cr
|2 rdacarrier
|
| 500 |
|
|
|a Electronic resource.
|
| 504 |
|
|
|a Includes bibliographical references.
|
| 650 |
1 |
2 |
|a Animal Diseases.
|0 https://id.nlm.nih.gov/mesh/D000820
|
| 650 |
1 |
2 |
|a Animals, Wild.
|0 https://id.nlm.nih.gov/mesh/D000835
|
| 650 |
2 |
2 |
|a Animals, Wild
|x surgery.
|0 https://id.nlm.nih.gov/mesh/D000835Q000601
|
| 651 |
|
2 |
|a South America.
|0 https://id.nlm.nih.gov/mesh/D013020
|
| 650 |
|
0 |
|a Captive wild animals
|x Diseases
|z South America.
|
| 650 |
|
0 |
|a Veterinary surgery
|z South America.
|
| 650 |
|
0 |
|a Wildlife diseases
|z South America.
|
| 650 |
|
6 |
|a Animaux sauvages en captivité
|x Maladies
|z Amérique du Sud.
|
| 650 |
|
6 |
|a Animaux sauvages
|x Maladies
|z Amérique du Sud.
|
| 650 |
|
6 |
|a Chirurgie vétérinaire
|z Amérique du Sud.
|
| 650 |
|
7 |
|a Animais silvestres (cirurgia)
|2 larpcal
|
| 650 |
|
7 |
|a Biologia.
|2 larpcal
|
| 650 |
|
7 |
|a Medicina.
|2 larpcal
|
| 651 |
|
7 |
|a AmÉrica Do Sul.
|2 larpcal
|
| 655 |
|
4 |
|a Electronic books.
|
| 700 |
1 |
|
|a Cubas, Zalmir S.
|0 http://id.loc.gov/authorities/names/n00009196
|
| 700 |
1 |
|
|a Fowler, Murray E.
|0 http://id.loc.gov/authorities/names/n77012081
|
| 710 |
2 |
|
|a Wiley InterScience (Online service)
|0 http://id.loc.gov/authorities/names/no00037213
|
| 776 |
1 |
|
|c Original
|z 0813828465
|z 9780813828466
|w (DLC) 00066967
|w (OCoLC)45419037
|
| 830 |
|
0 |
|a Wiley online library.
|
| 856 |
4 |
0 |
|u http://proxy.library.tamu.edu/login?url=https://dx.doi.org/10.1002/9780470376980
|z Connect to the full text of this electronic book
|t 0
|
| 994 |
|
|
|a 92
|b TXA
|
| 999 |
|
|
|a MARS
|
| 999 |
f |
f |
|s cad69a75-03cb-34b5-8dc0-6139b44c316e
|i 52a0755d-28b3-3924-97bc-af2d6cd32782
|t 0
|
| 952 |
f |
f |
|a Texas A&M University
|b College Station
|c Electronic Resources
|d Available Online
|t 0
|e SF996.4 .B56 2001eb
|h Library of Congress classification
|
| 998 |
f |
f |
|a SF996.4 .B56 2001eb
|t 0
|l Available Online
|